Words Within Countries Quiz Stats

 Plays Quiz not verified by Sporcle

Score 0/22 Timer 03:00
0 Plays Today
Country % Correct
chinChina
95.3%
manyGermany
93.1%
markDenmark
91.9%
edenSweden
87.9%
waitKuwait
87.2%
hungHungary
86%
gentArgentina
85.4%
painSpain
85%
maceMacedonia
84.6%
rainUkraine & Bahrain
84.1%
singSingapore
81.9%
Country % Correct
bangBangladesh
79.8%
swanBotswana
78.8%
portPortugal
77.6%
nameSuriname
77.6%
scarMadagascar
76.6%
wandRwanda
75.1%
hailThailand
58.6%
loveSlovenia
58.6%
hellSeychelles
58.2%
pinePhilippines
50.8%
doneIndonesia
39.6%

You're not logged in!

Compare scores with friends on all Sporcle quizzes.
OR
Log In

Show Comments

Extras

Top Quizzes Today


Score Distribution

Your Account Isn't Verified!

In order to create a playlist on Sporcle, you need to verify the email address you used during registration. Go to your Sporcle Settings to finish the process.

Report this User

Report this user for behavior that violates our Community Guidelines.

Details: